Top 30 Bundesliga Torschützen - Statistiken

Allgemein
  • Dieses Quiz wurde 147 mal gespielt
  • Das Durchschnittsergebnis liegt bei 15 aus 30
Antwortstatistiken
Tore Spieler % Korrekt
16 Füllkrug
98%
16 Nkunku
93%
14 Gnabry
91%
8 Sane
85%
9 Haller
78%
12 Musiala
74%
15 Kolo Muani
66%
12 Ducksch
65%
15 Grifo
61%
9 Brandt
60%
9 Werner
59%
9 Malen
55%
11 Bülter
54%
13 Thuram
53%
11 Becker
51%
12 Kramaric
48%
8 Bellingham
44%
8 Coman
44%
12 Hofmann
44%
10 Gregoritsch
41%
11 Guirassy
41%
8 Stindl
31%
10 Onisiwo
29%
9 Kamada
28%
9 Berisha
27%
8 Demirovic
26%
11 Lukebakio
26%
10 Choup-Moting
8%
9 Diary
6%
10 Ingvarsten
5%
Keine übereinstimmenden Quizze gefunden
Verteilung der Resultate
Anzahl Personen mit jedem Resultat
Perzentil nach korrekt beantworteten Fragen
Ihre Resultats-Entwicklung
Sie haben dieses Quiz noch nicht gespielt